000 00298nam a2200109Ia 4500
008 200302s9999 xx 000 0 und d
100 _aNorito Inoue/Tsuyoshi
245 _aMedical Facilities New Concepts in Architecture & Design
260 _bMeisei Publications
260 _c1995
300 _a224 P.,
999 _c1012
_d1012